000
00259nam a2200097Ia 4500
001
762617
005
20250826165229.0
008
250824s9999 xx 000 0 und d
245
0
_a
ARTIK ARKADAŞ DEĞİLMİYİZ
_c
NANCY KRULİK
260
_b
BEYAZ BALİNA YAYINLARI
999
_c
762617
_d
762617